| 000 | 00639nam a22002177a 4500 | ||
|---|---|---|---|
| 999 |
_c4466 _d4466 |
||
| 001 | 508 | ||
| 003 | BD-DhUAP | ||
| 005 | 20201111112424.0 | ||
| 008 | 201111s1966 nyua|||| |||| 001 0 eng d | ||
| 040 |
_aBD-DhUAP _bEng _cBD-DhUAP _dBD-DhUAP |
||
| 082 |
_223 _a530 DAV |
||
| 100 | _aHalliday, David. | ||
| 245 |
_aPhysics : _bparts 1 and 2 / _cDavid Halliday and Robert Resnick. |
||
| 250 | _aWiley International edition. | ||
| 260 |
_aNew York : _bJohn Wiley & Sons, _cc1966. |
||
| 300 |
_axxvi, 1214 pages : _billustrations ; _c21 cm. |
||
| 500 | _aIncludes index. | ||
| 650 | _aPhysics. | ||
| 700 | _aResnick, Robert. | ||
| 942 |
_2ddc _cBK |
||